Statistics for Top 10 American Countries With Most Immigration

Click here to take the quiz!

General Stats

  • This quiz has been taken 301 times
  • The average score is 9 of 10

Answer Stats

PopulationCountry% Correct
1,193,000 Mexico
100%
46,627,000 United States
99%
7,836,000 Canada
99%
714,000 Brazil
96%
2,086,000 Argentina
95%
469,000 Chile
92%
1,404,000 Venezuela
83%
388,000 Ecuador
78%
416,000 Dominican Republic
75%
422,000 Costa Rica
74%

Score Distribution

Percentile by Number Answered

Percent of People with Each Score

Your Score History

You have not taken this quiz